LEADER 00911nam a2200217 i 4500 001 000000154329 003 CaOOAMICUS 005 20061016000000.0 008 061016s1906 it u000 u ita u 013 $a131675 040 $aSeMil$bita 100 1 $aLudwig, Gustavo.$0(OLS)http://semarc/name/60396 245 10$aVittore Carpaccio :$bla vita e le opere /$cGustavo Ludwig, Pompeo Molmenti. 260 $aMilano :$bHoepli,$c1906. 300 $aXVI, 307 p. :$bill., [62] p. di tav. ;$c32 cm. 500 $aIn mezzo al front : con 225 illustrazioni nel testo e 62 tavole. 700 1 $aMolmenti, Pompeo,$d<1852-1928>.$0(OLS)http://semarc/name/7711 850 $aSeMil 852 $aSeMil$W1$xVenegono$y1$m5L IX 2$j106189$B106189$CSeMilBibl$Z2$F115381 $8I 996 $6245$aVittore Carpaccio :$bla vita e le opere$9(OLS)http://semarc/title/225868 996 $6260$aMilano :$bHoepli$9(OLS)http://semarc/publisher/31184 LEADER 00825nam a2200205 i 4500 001 000000060850 003 CaOOAMICUS 005 20140630000000.0 008 140630s1911 xx u000 u fre u 013 $a32022 040 $aSeMil$bita 100 1 $aBoissarie, Gustave.$0(OLS)http://semarc/name/30931 245 10$aLourdes :$bles guérisons /$cPar le Docteur Boissarie President du Bureau des Constatations médicales. 260 $aParis :$bBayard,$c1911. 300 $aXI, 98 p. :$bill. ;$c27 cm. 650 4$aMadonna - Apparizioni - Lourdes.$0(OLS)http://semarc/subject/8481 850 $aSeMil 852 $aSeMil$W1$xVenegono$y1$m2K V 4$j27003$B27003$CSeMilBibl$Z2$F27006 $81 996 $6245$aLourdes :$bles guérisons$9(OLS)http://semarc/title/95461 996 $6260$aParis :$bBayard$9(OLS)http://semarc/publisher/30832